UBT Library

Two nations : (Record no. 162)

000 -LEADER
fixed length control field 00828cam a22002298a 4500
005 - DATE AND TIME OF LATEST TRANSACTION
control field 20131028062203.0
008 - FIXED-LENGTH DATA ELEMENTS--GENERAL INFORMATION
fixed length control field 920228s1992 nyua b 001 0 eng
020 ## - INTERNATIONAL STANDARD BOOK NUMBER
International Standard Book Number 0684191482
041 0# - LANGUAGE CODE
Language code of text/sound track or separate title eng
080 ## - UNIVERSAL DECIMAL CLASSIFICATION NUMBER
Universal Decimal Classification number 323.14
100 1# - Rafti
Rafti Hacker, Andrew.
245 10 - TITLE STATEMENT
Title Two nations :
Statement of responsibility, etc Andrew Hacker.
260 ## -
-- New York :
-- Scribner's ;
-- Toronto :
-- Maxwell Macmillan Canada ;
-- New York :
-- Maxwell Macmillan International,
-- c1992.
263 ## - PROJECTED PUBLICATION DATE
Projected publication date 9203
300 ## -
-- xiii, 257 p. :
-- ill. ;
-- 25 cm.
500 ## -
-- Preface : f. IX - XIII
504 ## - BIBLIOGRAPHY, ETC. NOTE
Bibliography, etc Includes bibliographical references (p. 237-244) and index.
650 #0 -
-- Racizmi
-- Shtetet e Bashkuara
650 #0 -
-- Afro-amerikanët
-- Gjendja sociale
-- 1975-
651 #0 -
-- United States
-- Marrëdhëniet për raca
942 ## - ADDED ENTRY ELEMENTS (KOHA)
Source of classification or shelving scheme
Item type Books
Holdings
Withdrawn status Lost status Source of classification or shelving scheme Damaged status Not for loan Collection code Permanent location Current location Shelving location Date acquired Total Checkouts Full call number Barcode Date last seen Price effective from Koha item type
          Koleksioni i përgjithshem UBT - Prishtine UBT - Prishtine Koleksioni i përgjithshem 10/28/2013   323.14 HAC 001-000178 10/28/2013 10/28/2013 Books
UBT Library © 2015-2024. All rights reserved University Education for Business and Technology